01631nam a2200349 i 4500003000900000005001700009007000300026008004100029020001800070040003000088082002300118100003600141245018500177250002300362264006100385300004400446336002700490337003300517338002800550490001300578490002100591490001800612500006400630500005500694520027000749521003801019650004201057650004101099700004301140700005801183700004001241DO-SdBNP20250402115347.0ta250402b2024 dr a c 000 f spa d a9789945245516 aDO-SdBNPbspacBNPHUerda 4aRD863.44bR7632221 aRomero, Jaquelinaeautora4aut.14aArsenio Lupin y el misterio de la casa Macorix /cJaquelina Romero ; ilustraciones, Guillermo Pérez ; corrección de estilo, Gisela Vargas Ortega ; edición, Jorge Luis Zamora. aPrimera edición  4aSanto Domingo :bSantillana Infantil y Juvenil,c©2024. a67 páginas :bilustraciones :c20 cm. atextobtxt2rdacontent asin mediaciónbn2rdamedia avolumenbnc2rdacarrier0 aLoqueleo0 aAzulaNovelav120 aArsenio Lupin aIncluye datos biográficos de la autora en la página 67. aBasado en una de las historias de Maurice Leblanc. aLa introducción del legendario collar de la princesa Anacaona añade un elemento fascinante a esta historia, dotándola de un trasfondo histórico. La desaparición de esta valiosa reliquia desencadena una serie de eventos que mantienen al lector en suspenso. aJóvenes a partir de 12 años.  4aCuentos infantojuveniles dominicanos  4aLiteratura infantojuvenil dominicana1 aPérez, Guillermoeilustraciones4il.1 aVargas Ortega, Gisela,ecorrección de estilo4corr.1 aZamora, Jorge Luis,eedición4ed.